书目信息 |
| 题名: |
1982年物理高考辅导
|
|
| 作者: | 国运之 著 | |
| 分册: | ||
| 出版信息: | 北京 科学技术文献出版社 1982 |
|
| 页数: | 570页 | |
| 开本: | 19cm | |
| 丛书名: | ||
| 单 册: | ||
| 中图分类: | G634.7 , G633.7 | |
| 科图分类: | ||
| 主题词: | 教育--各级 , 物理--高中--升学参考资料 | |
| 电子资源: | ||
| ISBN: | ||
| 000 | 00680nam0 2200253 45 | |
| 001 | 0182001475 | |
| 005 | 20060911111956.93 | |
| 010 | @dCNY1.60 | |
| 091 | @a13176.130 | |
| 100 | @a19950106d1982 em y0chiy0121 ea | |
| 101 | 0 | @achi |
| 102 | @aCN@b110000 | |
| 105 | @ay z 000yy | |
| 200 | 10 | @a1982年物理高考辅导@A1982 nian wu li gao kao fu dao@f国运之 |
| 210 | @a北京@c科学技术文献出版社@d1982 | |
| 215 | @a570页@d19cm | |
| 606 | 0 | @a教育@x各级 |
| 606 | @a物理@x高中@x升学参考资料 | |
| 690 | @aG634.7@v3 | |
| 690 | @aG633.7@v3 | |
| 701 | 0 | @a国运之@Aguo yun zhi@4著 |
| 801 | 2 | @aCN@bNLC@c20060911 |
| 801 | 0 | @aCN@b上海图书馆@c20030107 |
| 905 | @dG633.7@e1@f1@b59970 | |
| 1982年物理高考辅导/国运之.-北京:科学技术文献出版社,1982 |
| 570页;19cm |
| ISBN :CNY1.60 |
| ● |
| 相关链接 |
|
|
|
|
正题名:1982年物理高考辅导
索取号:G633.7/1
 
预约/预借
| 序号 | 登录号 | 条形码 | 馆藏地/架位号 | 状态 | 备注 |
| 1 | 0059968 | 000619325 | 密集书库/ [索取号:G633.7/1] | 在馆 | |
| 2 | 0059969 | 001720622 | 密集书库/ [索取号:G633.7/1] | 在馆 | |
| 3 | 0059970 | 001958359 | 密集书库/ [索取号:G633.7/1] | 在馆 | |
| 4 | 0059971 | 000612046 | 密集书库/ [索取号:G633.7/1] | 在馆 | |
| 5 | 0059973 | 000619254 | 密集书库/ [索取号:G633.7/1] | 在馆 | |
| 6 | 0059974 | 000619316 | 密集书库/ [索取号:G633.7/1] | 在馆 | |
| 7 | 0059975 | 001720891 | 密集书库/ [索取号:G633.7/1] | 在馆 | |
| 8 | 0059976 | 000615392 | 第一样本阅览室/ [索取号:G633.7/1] | 在馆 | |
| 9 | 0471947 | 204719475 | 密集书库/ [索取号:G633.7/1] | 在馆 |